• 首页
  • 本馆介绍
  • 公告通知
  • 最新文献
  • 馆藏检索
  • 电子资源
  • 读者导购
  • 参考咨询
  • 我的图书馆
  • 登录
  • 详细信息显示
  • 放入我的书架
  • 预约/预借图书
  • 作者相关作品
  • 分类相关作品
  • 丛书相关作品
  • 出版社相关作品

书目信息

  • 表格格式
  • 工作单格式
  • 卡片格式
题名:
静电复印机原理使用与维修
    
 
作者: 刘宏 著
分册:  
出版信息: 合肥   中央科技大学出版社  1987.11
页数: 297页
开本: 20cm
丛书名:
单 册:
中图分类: TB852.2
科图分类:
主题词: 摄影--机具 , 摄影--设备
电子资源:
ISBN: 7-312-00066-5
000 00586nam0 2200205 45
001 0312221749
005 20060426143246.07
010    @dCNY2.45@a7-312-00066-5
100    @a20031222d1987 km y0chiy0120 ea
101    @achi
102    @aCN@b340000
200 1  @a静电复印机原理使用与维修@AJing Dian Fu Yin Ji Yuan Li Shi Yong Yu Wei Xiu@f刘宏著@FLiu Hong Zhu
210    @a合肥@c中央科技大学出版社@d1987.11
215    @a297页@d20cm
606 0  @a摄影@x机具
606 0  @a摄影@x设备
690    @aTB852.2@v3
701 0  @a刘宏@4著
801    @aCN@bTSTCL@c20060426
905    @a213230@dTB852.2@e20
    
    静电复印机原理使用与维修/刘宏著.-合肥:中央科技大学出版社,1987.11
    297页;20cm
    
    
    ISBN 7-312-00066-5:CNY2.45
    
●
相关链接 在E读中查询图书 在五车中查询图书 在当当中查询图书 在豆瓣中查询图书


正题名:静电复印机原理使用与维修     索取号:TB852.2/20         预约/预借

序号 登录号 条形码 馆藏地/架位号 状态 备注
1 0210170   001360084   第三借阅区/ [索取号:TB852.2/20] 在馆    
2 0210171   202289629   密集书库/ [索取号:TB852.2/20] 在馆    
唐山师范学院图书馆 欢迎您!
大连网信软件有限公司© 版权所有